000 02673cam a22004094i 4500
003 PE-LiUPU
005 20250731173145.0
008 150623s1992 ag r 000 0 spa d
035 _a(Sirsi) a27841
040 _aPE-LiUPU
_bspa
_cPE-LiUPU
_erda
082 0 4 _a236
_bC22
_221
100 1 _aWhite, Elena G. de,
_eautor.
245 1 0 _aConflicto cósmico, la dramática lucha por el destino de la humanidad /
_cElena G. de White.
264 1 _aBuenos Aires :
_bACES,
_c1992.
300 _a320 páginas ;
_c19 centímetros
336 _atext
_2rdacontent
337 _aunmediated
_2rdamedia
338 _avolume
_2rdacarrier
505 0 _aEl destino del mundo predicho -- La fe de los mártires -- Una era de tinieblas espirituales -- Fieles portaantorchas -- El lucero de la reforma -- Dos héroes de la edad media -- En la encrucijada de lso caminos -- Un campeón de la verdad -- Se enciende una luz en Suiza -- Progresos de la reforma -- La protesta de los príncipes -- La reforma en Francia -- El despertar de España -- En los países bajos y Escandinavia -- La verdad progresa en Inglaterra -- La Biblia y la revolución Francesa -- América, Tierra de libertad -- Heraldos de una nueva era -- Una profecía significativa -- Luz a tavés de las tinieblas -- Un gran despertar religioso -- Una amonestación rechazada -- Profecías cumplidas -- El templo de Dios -- Jesucristo nuestro abogado -- Los EE UU en la profecía -- Una obra de reforma -- La verdadera conversión es esencial -- El juicio investigador -- El origen del mal y del dolor -- El peor enemigo del hombre -- ¿Quiénes son los angeles? -- Las asechanzas del enemigo -- El ministerio de la inmortalidad -- ¿pueden hablarnos nuestros muertos? -- La libertad de conciencia manenazada -- El conflicto inminente -- Nuestra única salvaguardia -- El mensaje final de Dios -- El tiempo de angustia -- La liberación del pueblo de Dios -- La desolación de la tierra -- El fin del conflicto.
526 _aSEG42
526 _aSEG41
526 _aSEG40
526 _aSEG39
526 _aP94
526 _aP87
526 _aP86
526 _aP85
526 _aP77
526 _aP76
526 _aP35
650 0 4 _aBien y mal (Escatología).
942 _2ddc
_cBOOK
949 _a236 C22
_wDEWEY
_c1
_i54066
_lCCODEBUL1
_mBUL
_p5.00
_r0
_sY
_tBOOK
_u2015-06-24
_xBIBLIOTECA
_zUNKNOWN
_0COMPRA
_o.STAFF. Colección Teología
596 _a1
999 _a236 C22
_wDEWEY
_c35023
_i54066
_d35023
_e2017-11-24
_f2021-11-10
_g5
_lCCODEBUL1
_mBUL
_n1
_p5.00
_q1
_r0
_sY
_tBOOK
_u2015-6-24
_xTEOLOGIA
_PP35
_0COMPRA
_o.STAFF. Colección Teología
980 _81
_gALBERTO SANCHEZ Responsable de Automatización